| 000 | 01530nam a2200253Ia 4500 | ||
|---|---|---|---|
| 999 |
_c49353 _d49353 |
||
| 001 | 16270 | ||
| 003 | GE_BSU | ||
| 005 | 20221125162536.0 | ||
| 008 | 181216s2010||||ge |||||||||||||| ||geo|| | ||
| 020 | _a9789994098569 | ||
| 040 | _cGE_BSU | ||
| 041 | _ageo | ||
| 080 | _a343.95 + 343.132 ე-78 | ||
| 100 |
_aერიაშვილი, ნოდარ _93267 |
||
| 245 |
_aწინასწარი გამოძიების ფსიქოლოგიური თავისებურებები : _b[უმაღლ. სასწ. სტუდ.-თვის, რომლებიც შეისწავლიან "იურისპრუდენციის" სპეციალობას] / _cნოდარ ერიაშვილი ; [რედ. სერგო ბარამიძე, მანანა სულხანიშვილი]. |
||
| 264 |
_aთბ. : _bსამართლიანი საქართველო, _c2010. |
||
| 300 |
_a140 გვ.; _b20 სმ. |
||
| 300 | _bგარეკანზე ავტ. აღნიშნული არ არის. - მოკლე ტერმინოლ. ლექსიკონი: გვ. 128. | ||
| 653 | _aსამართალი | ||
| 653 | _aწინასწარი გამოძიება | ||
| 653 | _aიურიდიული ფსიქოლოგია | ||
| 700 |
_aსულხანიშვილი, მანანა _eრედაქტორი _96773 |
||
| 942 |
_cBK _2udc |
||